| 000 | 00481 a2200157 4500 | ||
|---|---|---|---|
| 005 | 20250617151020.0 | ||
| 020 | _a978-0-07-337597-7 | ||
| 082 | _a005.1 PRE | ||
| 100 | _aPRESSMAN, R. S. | ||
| 245 | _aSoftware Engineering: A Practitioner's Approach. | ||
| 250 | _a7th Ed. | ||
| 260 |
_aNew York, _bMcGraw Hill Education, _c2010. |
||
| 300 |
_axxviii, 895p.: ill.; figure _bIndex & References _c23cm |
||
| 856 |
_yAccess online book _fComputer _dwww.mheducation.co.in |
||
| 942 |
_2ddc _cBKS |
||
| 999 |
_c160 _d160 |
||